| 000 | 00770nam a22002055i 4500 | ||
|---|---|---|---|
| 001 | 177579 | ||
| 003 | ES-MaACL | ||
| 005 | 20230906220351.0 | ||
| 008 | 110404s1974 sp |||| | spa d | ||
| 020 | _a84-600-6058-6 | ||
| 080 | _a821.134.2 Alas, Lepoldo | ||
| 100 | 1 |
_aNúñez de Villavicencio, Laura. _9145957 |
|
| 245 | 1 | 3 |
_aLa creatividad en el estilo de Leopoldo Alas, "Clarín" / _cpor Laura Núñez de Villavicencio. |
| 260 |
_aOviedo : _bInstituto de Estudios Asturianos del Patronato José Mª Quadrado (C.S.E.C.), _c1974. |
||
| 300 |
_a287 p. ; _c20 cm. |
||
| 600 | 1 | 4 |
_aAlas, Leopoldo, _d1852-1901- _xCrítica e interpretación _919157 |
| 710 | 2 |
_aInstituto de Estudios Asturianos. _94889 |
|
| 852 |
_aES-MaACL _jE-14786 |
||
| 999 |
_c177579 _d177579 |
||